书目信息 |
| 题名: |
数字艺术
|
|
| 作者: | 保罗 著 ;李镇 , 彦风 译 | |
| 分册: | ||
| 出版信息: | 北京 机械工业出版社 2021 |
|
| 页数: | 266页 | |
| 开本: | 21cm | |
| 丛书名: | ||
| 单 册: | ||
| 中图分类: | J06-39 , J06 | |
| 科图分类: | ||
| 主题词: | 数字技术--shu zi ji shu--应用--艺术--设计 | |
| 电子资源: | ||
| ISBN: | 978-7-111-68263-9 | |
| 000 | 01558nam0 2200337 450 | |
| 001 | 2167487907 | |
| 005 | 20211112184453.78 | |
| 010 | @a978-7-111-68263-9@dCNY78.00 | |
| 100 | @a20210818d2021 em y0chiy50 ea | |
| 101 | 1 | @achi@ceng |
| 102 | @aCN@b110000 | |
| 105 | @aa a 000yy | |
| 200 | 1 | @a数字艺术@Ashu zi yi shu@e数字技术与艺术观念的探索@f(美) 克里斯蒂安妮·保罗著@g李镇, 彦风译 |
| 210 | @a北京@c机械工业出版社@d2021 | |
| 215 | @a266页@c图 (部分彩图)@d21cm | |
| 300 | @a艺术派 中国艺术研究院基本科研业务费资助项目 | |
| 305 | @a据原书第3版译出 | |
| 306 | @aThames & Hudson出版社授权出版 限中国大陆发行 | |
| 312 | @a书名原文取自版权页 | |
| 320 | @a有书目 (第261-262页) | |
| 330 | @a本书考察了数字艺术从20世纪80年代出现到今天的发展,并展望了未来;区分了以数字实践为工具来创作传统形式的艺术和以其为媒介创作新类型的艺术,并讨论了许多重要的艺术家和作品;探讨了这些艺术作品提出的主题,比如观众交互,大工生命和智能,政治和社会行动主义,网络和远程呈现,以及与数字艺术的收藏、展示和保存相关的问题;聚焦近些年来备受瞩目的数字艺术实践的重要领域,包括定位媒体的出现和影响,交互公共装置,增强和混合现实,社交网络和文件共享,以及平板电脑技术。 | |
| 500 | 10 | @aDigital art@mChinese |
| 517 | 1 | @a数字技术与艺术观念的探索@Ashu zi ji shu yu yi shu guan nian de tan suo |
| 606 | 0 | @a数字技术@Ashu zi ji shu@x应用@x艺术@x设计 |
| 690 | @aJ06-39@v5 | |
| 690 | @aJ06@v4 | |
| 701 | 1 | @a保罗@Abao luo@g(Paul, Christiane)@4著 |
| 702 | 0 | @a李镇@Ali zhen@4译 |
| 702 | 0 | @a彦风@Ayan feng@4译 |
| 801 | 0 | @aCN@bBP@c20210818 |
| 905 | @aZUCC@dJ06@e34 | |
| 数字艺术:数字技术与艺术观念的探索/(美) 克里斯蒂安妮·保罗著/李镇, 彦风译.-北京:机械工业出版社,2021 |
| 266页:图 (部分彩图);21cm |
| 艺术派 中国艺术研究院基本科研业务费资助项目 |
| ISBN 978-7-111-68263-9:CNY78.00 |
| 本书考察了数字艺术从20世纪80年代出现到今天的发展,并展望了未来;区分了以数字实践为工具来创作传统形式的艺术和以其为媒介创作新类型的艺术,并讨论了许多重要的艺术家和作品;探讨了这些艺术作品提出的主题,比如观众交互,大工生命和智能,政治和社会行动主义,网络和远程呈现,以及与数字艺术的收藏、展示和保存相关的问题;聚焦近些年来备受瞩目的数字艺术实践的重要领域,包括定位媒体的出现和影响,交互公共装置,增强和混合现实,社交网络和文件共享,以及平板电脑技术。 |
| ● |
| 相关链接 |
|
|
|
正题名:数字艺术
索取号:J06/34
 
预约/预借
| 序号 | 登录号 | 条形码 | 馆藏地/架位号 | 状态 | 备注 |
| 1 | 2000881207 | 2000881207 | 第三书库/ [索取号:J06/34] | 在馆 | |
| 2 | 2000881208 | 2000881208 | 第三书库/ [索取号:J06/34] | 在馆 | |
| 3 | 2000881209 | 2000881209 | 第三书库/ [索取号:J06/34] | 在馆 |